nom des drapeaux en K et L - Statistiques

Statistiques générales
  • Ce quiz a été pris 77 fois
  • Le résultat moyen est 12 sur 13
Statistiques - réponses
Par images Réponse % Correct
liban
99%
kazakhstan
97%
Kenya
97%
Kosovo
96%
Laos
96%
lettonie
94%
lituanie
94%
Liberia
93%
kirghizistan
86%
libye
83%
Kiribati
82%
koweit
82%
Lesotho
79%
Aucun quiz correspondant
Distribution des résultats
% des personnes avec chaque résultat
Percentile par nombre de réponses
Votre historique - résultats
Vous n’avez pas pris ce quiz